Statistics for Israel A-Z

Click here to take the quiz!

General Stats

  • This quiz has been taken 686 times
    (297 since last reset)
  • The average score is 18 of 26

Answer Stats

HintAnswer% Correct
ASecond most common
first language
Arabic
98%
DSalty inland seaDead Sea
94%
ICountry that calls for the
extermination of Israel
Iran
92%
BBirthplace of Jesus ChristBethlehem
91%
YMajor Jewish language in EuropeYiddish
90%
FJewish diarist who hid in
an Amsterdam attic
Anne Frank
88%
TReligious texts of JudaismTorah
86%
WPalestinian territoryWest Bank
83%
MNational intelligence agencyMossad
79%
ZHill synonymous with IsraelZion
78%
HThird biggest cityHaifa
76%
G"Wonder Woman" actressGal Gadot
75%
EBiblical story of the migration of
Israelites from Egypt to Canaan
Exodus
73%
JJewish kingdom led by HerodJudea
72%
SWar of 1967Six-Day War
67%
KName for the parliamentKnesset
66%
XPersian king the Jewish queen
of Esther was married to
Xerxes
62%
NDesert in the southNegev
60%
USmall submachine gun,
first made in Israel
Uzi
59%
RJewish New YearRosh Hashanah
55%
LPolitical party of NetanyahuLikud
51%
OSmall hill in JerusalemMount of {Olives}
51%
PNobel Peace Prize-winning
president of 1994
Shimon Peres
41%
VIsrael's official memorial to the
victims of the Holocaust
Yad {Vashem}
40%
CWhere Jesus was crucifiedCalvary
29%
QJerusalem in AAl-{Quds}
26%

Score Distribution

Percentile by Number Answered

Percent of People with Each Score

Your Score History

You have not taken this quiz since the last reset